000 01271nam a22003374a 4500
001 ebr10229755
003 CaPaEBR
006 m u
007 cr cn|||||||||
008 030501s2004 vaua s 000 0beng
010 _z 2003009212
020 _z0971828660 (alk. paper)
040 _aCaPaEBR
_cCaPaEBR
035 _a(OCoLC)213362276
041 1 _aeng
_hger
043 _ae-au---
050 1 4 _aDB98.D6
_bM42 2004eb
082 0 4 _a943.605/1
_aB
_221
100 1 _aMessner, Johannes,
_d1891-1984.
245 1 0 _aDollfuss
_h[electronic resource] :
_ban Austrian patriot /
_cby Johannes Messner.
260 _aNorfolk, VA :
_bGates of Vienna Books,
_c2004.
300 _a160 p. :
_bill.
533 _aElectronic reproduction.
_bPalo Alto, Calif. :
_cebrary,
_d2013.
_nAvailable via World Wide Web.
_nAccess may be limited to ebrary affiliated libraries.
600 1 0 _aDollfuss, Engelbert,
_d1892-1934.
650 0 _aStatesmen
_zAustria
_vBiography.
650 0 _aFascism
_zAustria
_xHistory.
651 0 _aAustria
_xPolitics and government
_y1918-1938.
655 7 _aElectronic books.
_2local
710 2 _aebrary, Inc.
856 4 0 _uhttp://site.ebrary.com/lib/rucke/Doc?id=10229755
_zAn electronic book accessible through the World Wide Web; click to view
999 _c153279
_d153279